Sports Quiz

Random Sports Quiz
Score 0/32 Timer 15:00
0 Plays Today
Speler Club % Correct
Noa LangFC Twente
98.4%
Kaj SierhuisFC Groningen
95.9%
Sven Botmansc Heerenveen
93.3%
Mateo CassierraFC Groningen
92.7%
Deyovaisio ZeefuikFC Groningen
92.7%
Mitchell Dijkssc Heerenveen
88.4%
Benjamin van LeerNAC Breda
75.8%
Lerin DuarteNAC Breda
75.8%
Ruben LigeonNAC Breda
75.8%
Roly BonevaciaNAC Breda
75.8%
Florian JosefzoonNAC Breda
75.8%
Perr SchuursFortuna Sittard
60.4%
Richairo ZivkovicFC Utrecht
56.8%
Lesly de SaWillem II
54.6%
Richairo ZivkovicWillem II
54.6%
Ruben LigeonWillem II
54.6%
Speler Club % Correct
Lucas AndersenWillem II
54.6%
Rob WielaertRoda JC
52.1%
Dico KoppersADO Den Haag
49.2%
Ismael AissatiVitesse
44.8%
Sheraldo BeckerPEC Zwolle
44%
Lissandro MagallánDeportivo Alavés
41.1%
Siem de JongSydney FC
31%
Jody Lukokisc Cambuur
27.2%
Marvin ZeegelaarExcelsior
26.3%
Lesly de SaGo Ahead Eagles
22.9%
Hassane BandéFC Thun
14.1%
Mitchell DijksNorwich City
12.4%
Luis Manuel OrejuelaCruzeiro
10.3%
Eyong EnohFulham
7.9%
Mateo CassierraRacing Club de Avellaneda
4.8%
Danny HoesenPAOK Saloniki
4.2%
Remove Ads.
Support Sporcle.
Get the best of Sporcle when you Go Orange. This ad-free experience offers more features, more stats, and more fun while also helping to support Sporcle. Thank you for becoming a member.

You're not logged in!

Compare scores with friends on all Sporcle quizzes.
OR
Log In

Sporcle TV

Today on Sporcle TV


Watch our educational content, quiz creation guides, and fun videos on Sporcle TV.

Show Comments

Extras

Created Jul 13, 2020ReportNominate
Tags:2010, 2011, Ajax, club, Spiler

Top Quizzes Today


Score Distribution

Paid Content

Your Account Isn't Verified!

In order to create a playlist on Sporcle, you need to verify the email address you used during registration. Go to your Sporcle Settings to finish the process.

Report this User

Report this user for behavior that violates our Community Guidelines.

Details: